000
00277nam a2200097Ia 4500
001
1116588
005
20250827004049.0
008
250824s9999 xx 000 0 und d
245
0
_a
YAKIN TARİHTE EFSANELER VE GERÇEKLER İ1 27
_c
MUSTAFA ARMAĞAN
260
_b
KETEBE YAYINLARI
999
_c
1116588
_d
1116588